The National Lyrics quiz #2 - Statistics

General Stats
  • This quiz has been taken 160 times
  • The average score is 6 of 12
Answer Stats
Lyric Song % Correct
My mind’s not right Abel
86%
It’s in my honey, it’s in my milk Sorrow
77%
All night you’re talking to God The system only dreams in total darkness
67%
I’ll get money I’ll get funny again Start a war
63%
Didn’t anybody tell you this river’s full of lost sharks? Secret meeting
60%
I have strange memories of you City middle
59%
Lay me on the table, put flowers in my mouth Lemonworld
58%
But I’ll never be anything you ever want me to be Slipped
56%
I loved her to ribbons Murder me Rachael
30%
I try to untie Manhatten Lit up
27%
Don’t be a nightingale for anyone’s space to fill American Mary
22%
You’re just raising your standards Beautiful head
18%
No matching quizzes found
Score Distribution
Percent of People with Each Score
Percentile by Number Answered
Your Score History
You have not taken this quiz